LIBRARY & INFORMATION CENTRE, KCAET, TAVANUR

ONLINE PUBLIC ACCESS CATALOGUE (OPAC)

Preface to eighteenth century poetry / (Record no. 2616)

MARC details
000 -LEADER
fixed length control field 00445cam a2200169ua 4500
041 ## - LANGUAGE CODE
Language code of text/sound track or separate title eng
082 ## - DEWEY DECIMAL CLASSIFICATION NUMBER
Classification number 828.09
Item number SUT/PR
100 ## - MAIN ENTRY--AUTHOR NAME
Personal name Sutherland, James .
245 ## - TITLE STATEMENT
Title Preface to eighteenth century poetry /
260 ## - PUBLICATION, DISTRIBUTION, ETC. (IMPRINT)
Place of publication London :
Name of publisher Oxford at the Clarendon Press ,
Year of publication 1958.
300 ## - PHYSICAL DESCRIPTION
Number of Pages 176 ; .
942 ## - ADDED ENTRY ELEMENTS (KOHA)
Koha item type Books
Holdings
Withdrawn status Lost status Damaged status Home library Current library Date acquired Full call number Accession Number Koha item type
Withdrawn     KAUAET Sanskrit University 07/04/2012 828.09 550 Books
Withdrawn     KAUAET Sanskrit University 07/04/2012 828.09 11952 Books
Withdrawn     KAUAET Sanskrit University 07/04/2012 828.09 5025 Books
free website counter